Retrouve l'anime grâce au nom d'un de ses films - Statistiques

Statistiques générales
  • Ce quiz a été pris 25 fois
  • Le résultat moyen est 9 sur 35
Statistiques - réponses
Film Anime % Correct
La Forteresse infinie Demon Slayer
81%
Lelouch of the Resurrection Code Geass
67%
Heroes Rising My Hero Academia
67%
Strong World One Piece
67%
Dragon Cry Fairy Tail
52%
RoadShow Rewrite Death Note
43%
Fusions Dragon Ball Z
43%
Phantom Rouge Hunter X Hunter
43%
Les Ailes de la liberté L'Attaque des Titans
43%
The Hell Verse Bleach
38%
La Destinée de Deoxys Pokémon
38%
L'Age d'or-Partie 1: L'Oeuf du roi conquérant Berserk
33%
Reze Arc Chainsaw Man
33%
The Last Naruto Shippuden
33%
CODE: White Spy X Family
33%
L'Epée du Roi-Sorcier Black Clover
29%
La Guerre des poubelles Haikyu
29%
Memory Snow Re:Zero
24%
L'Etoile sacrée de Milos Full Metal Alchemist
19%
ReAwakening Solo Leveling
19%
Evil Eye Dan Da Dan
10%
La Mélodie de la peur Détective Conan
10%
Death and Rebirth Neon Genesis Evangelion
10%
Sinners of the System Psycho Pass
10%
Shinyaku Benizakura hen Gintama
5%
Last Game Kuroko's Basket
5%
The Sacred Kingdom Overlord
5%
Load Region of Déjà Vu Steins Gate
5%
La pyramide de lumière Yu-Gi-Oh!
5%
La Légende du Royaume des Ombres YuYu Hakusho
5%
Sol Blaze, the Scorching Hot Invader Beyblade Metal
0%
L'Attaque du dragosaure Goldorak
0%
Ragan-hen Gurenn Lagann
0%
The Final Dream Highschool DxD
0%
Ordinal Scale Swort Art Online
0%
Aucun quiz correspondant
Distribution des résultats
% des personnes avec chaque résultat
Percentile par nombre de réponses
Votre historique - résultats
Vous n’avez pas pris ce quiz